000 00401nam a2200145 a 4500
001 000032895
005 20200930065910.0
008 110801s1926 dr 000 0 spa d
040 _aDO-SdBNP
_bspa
_cBNPHU
100 1 _aGuerra, Mario E.
_958663
245 1 4 _aLas tres fases /
_cMario E. Guerra.
260 _aSanto Domingo :
_bImp. E. S. Casanova,
_c1926.
300 _a42 p. ;
_c23 cm.
049 _aBNPD
999 _c32386
_d32386